000 00365 a2200169 4500
001 62102
020 _a9788500020872
040 _cAnchieta - Pituba
100 _aGomes, Dias
240 1 0 _aO pagador de promessas
_lpor
245 1 0 _aO pagador de promessas
300 _a145
362 0 _a1999
440 1 _aEdiouro
650 4 _aDrama brasileiro
942 _cBK
999 _c62102
_d62102